000 004800000a22001210004500
090 _aAS
_bSeriadas
245 1 0 _aadditional new species of frogs (<genus Eleutherodactylus>) from cloud forests of eastern departamento de Caldas, Colombia
041 0 _aInglés
700 1 _aRueda Almonacid, José Vicente
_9689
100 1 _aLynch, John D.
_992907
942 _cARTICULO
773 1 _tRevista de la Academia Colombiana de Ciencias Exactas, Fisicas y Naturales
_332
_h83
_q287-298
_d1998
_g22
999 _c14183
_d14183